| 000 | 00629nam a22002057a 4500 | ||
|---|---|---|---|
| 999 |
_c9004 _d9004 |
||
| 003 | AR-CdUCM | ||
| 008 | 190327b ||||| |||| 00| 0 spa d | ||
| 040 |
_aMUNICIPALIDAD PROVINCIAL DEL CUSCO _cBIBLIOTECA MUNICIPAL DEL CUSCO |
||
| 082 |
_a869.56 / _bJ544 |
||
| 100 |
_aJiménez Miranda, Dino _924932 |
||
| 245 | _aPepelimón habla / | ||
| 260 |
_aLima : _bProducciones Pepelimón, _c2006. |
||
| 300 |
_a266 páginas, _c20 cm. |
||
| 505 | _aContenido: Contiene cuentos y obras de teatro. | ||
| 650 |
_aCuentos peruanos _97 |
||
| 650 |
_aTeatro peruano _92697 |
||
| 650 |
_aSiglo XX _98 |
||
| 942 |
_2ddc _cLIBROS |
||
| 945 | _adavv | ||